00998nam a2200265 i 4500003000900000005001700009007000300026008004100029040003000070082002000100100002800120245005800148264005400206300002600260336002700286337003300313338002800346500004200374590002700416650004600443910001400489942001400503952019800517999001700715DO-SdBNP20230915092822.0ta100305s1978 dr 000 0 spa d aDO-SdBNPbspacBNPHUerda a199.7293bC794f aCordero, Armando93662913aLa filosofía en Santo Domingo /cArmándo Cordero. 1aSanto Domingo :bHorizontes de América, c1978. a278 páginasc22 cm. 2rdacontentatextobtxt 2rdamediaasin mediaciónbn 2rdacarrieravolumenbnc aIncluye notas al pie de las páginas aInventariado, 2023/ YL 4aFilosofíazRepública Dominicana95667 aYLockward 2ddccLBS1 00102ddc51708PDaBNPHUbBNPHUcCTd2014-12-01eBarbara Suncarl0oBNPHU PD 199.7293 C794fp2023-5921r2023-09-15w2023-09-15yLBS1zPerteneció a la biblioteca personal de Bárbara Suncar c54770d54770